| 000 | 03681cam a2200961 a 4500 | ||
|---|---|---|---|
| 020 | _a0136118488 | ||
| 020 | _a9780136118480 | ||
| 082 |
_a624 _bPAR _cN-01,P-203 |
||
| 100 | 1 |
_aPark, Chan S. _936246 |
|
| 245 | 1 | 0 |
_aContemporary engineering economics / _cChan S. Park. |
| 250 | _a5th ed. | ||
| 260 |
_aBoston : _bPrentice Hall, _cc2011. |
||
| 300 |
_axxiv, 936 p. : _bill. ; _c25 cm. |
||
| 500 | _aIncludes index. | ||
| 526 |
_a0 _b0 _c0 _d624_000000000000000_PAR |
||
| 526 |
_a0 _b0 _c0 _d624_000000000000000_PAR |
||
| 526 |
_a0 _b0 _c0 _d624_000000000000000_PAR |
||
| 526 |
_a0 _b0 _c0 _d624_000000000000000_PAR |
||
| 526 |
_a0 _b0 _c0 _d624_000000000000000_PAR |
||
| 526 |
_a0 _b0 _c0 _d624_000000000000000_PAR |
||
| 526 |
_a0 _b0 _c0 _d624_000000000000000_PAR |
||
| 526 |
_a0 _b0 _c0 _d624_000000000000000_PAR |
||
| 526 |
_a0 _b0 _c0 _d624_000000000000000_PAR |
||
| 526 |
_a0 _b0 _c0 _d624_000000000000000_PAR |
||
| 526 |
_a0 _b0 _c0 _d624_000000000000000_PAR |
||
| 526 |
_a0 _b0 _c0 _d624_000000000000000_PAR |
||
| 526 |
_a0 _b0 _c0 _d624_000000000000000_PAR |
||
| 526 |
_a0 _b0 _c0 _d624_000000000000000_PAR |
||
| 526 |
_a0 _b0 _c0 _d624_000000000000000_PAR |
||
| 526 |
_a0 _b0 _c0 _d624_000000000000000_PAR |
||
| 526 |
_a0 _b0 _c0 _d624_000000000000000_PAR |
||
| 526 |
_a0 _b0 _c0 _d624_000000000000000_PAR |
||
| 526 |
_a0 _b0 _c0 _d624_000000000000000_PAR |
||
| 526 |
_a0 _b0 _c0 _d624_000000000000000_PAR |
||
| 526 |
_a0 _b0 _c0 _d624_000000000000000_PAR |
||
| 526 |
_a0 _b0 _c0 _d624_000000000000000_PAR |
||
| 526 |
_a0 _b0 _c0 _d624_000000000000000_PAR |
||
| 526 |
_a0 _b0 _c0 _d624_000000000000000_PAR |
||
| 526 |
_a0 _b0 _c0 _d624_000000000000000_PAR |
||
| 526 |
_a0 _b0 _c0 _d624_000000000000000_PAR |
||
| 526 |
_a0 _b0 _c0 _d624_000000000000000_PAR |
||
| 526 |
_a0 _b0 _c0 _d624_000000000000000_PAR |
||
| 526 |
_a0 _b0 _c0 _d624_000000000000000_PAR |
||
| 526 |
_a0 _b0 _c0 _d624_000000000000000_PAR |
||
| 526 |
_a0 _b0 _c0 _d624_000000000000000_PAR |
||
| 526 |
_a0 _b0 _c0 _d624_000000000000000_PAR |
||
| 526 |
_a0 _b0 _c0 _d624_000000000000000_PAR |
||
| 526 |
_a0 _b0 _c0 _d624_000000000000000_PAR |
||
| 526 |
_a0 _b0 _c0 _d624_000000000000000_PAR |
||
| 526 |
_a0 _b0 _c0 _d624_000000000000000_PAR |
||
| 526 |
_a0 _b0 _c0 _d624_000000000000000_PAR |
||
| 526 |
_a0 _b0 _c0 _d624_000000000000000_PAR |
||
| 526 |
_a0 _b0 _c0 _d624_000000000000000_PAR |
||
| 526 |
_a0 _b0 _c0 _d624_000000000000000_PAR |
||
| 526 |
_a0 _b0 _c0 _d624_000000000000000_PAR |
||
| 526 |
_a0 _b0 _c0 _d624_000000000000000_PAR |
||
| 526 |
_a0 _b0 _c0 _d624_000000000000000_PAR |
||
| 526 |
_a0 _b0 _c0 _d624_000000000000000_PAR |
||
| 526 |
_a0 _b0 _c0 _d624_000000000000000_PAR |
||
| 526 |
_a0 _b0 _c0 _d624_000000000000000_PAR |
||
| 526 |
_a0 _b0 _c0 _d624_000000000000000_PAR |
||
| 526 |
_a0 _b0 _c0 _d624_000000000000000_PAR |
||
| 526 |
_a0 _b0 _c0 _d624_000000000000000_PAR |
||
| 526 |
_a0 _b0 _c0 _d624_000000000000000_PAR |
||
| 526 |
_a0 _b0 _c0 _d624_000000000000000_PAR |
||
| 526 |
_a0 _b0 _c0 _d624_000000000000000_PAR |
||
| 526 |
_a0 _b0 _c0 _d624_000000000000000_PAR |
||
| 526 |
_a0 _b0 _c0 _d624_000000000000000_PAR |
||
| 526 |
_a0 _b0 _c0 _d624_000000000000000_PAR |
||
| 526 |
_a0 _b0 _c0 _d624_000000000000000_PAR |
||
| 526 |
_a0 _b0 _c0 _d624_000000000000000_PAR |
||
| 526 |
_a0 _b0 _c0 _d624_000000000000000_PAR |
||
| 526 |
_a0 _b0 _c0 _d624_000000000000000_PAR |
||
| 526 |
_a0 _b0 _c0 _d624_000000000000000_PAR |
||
| 526 |
_a0 _b0 _c0 _d624_000000000000000_PAR |
||
| 526 |
_a0 _b0 _c0 _d624_000000000000000_PAR |
||
| 526 |
_a0 _b0 _c0 _d624_000000000000000_PAR |
||
| 526 |
_a0 _b0 _c0 _d624_000000000000000_PAR |
||
| 526 |
_a0 _b0 _c0 _d624_000000000000000_PAR |
||
| 650 | 0 | _aEngineering economy. | |
| 650 | 0 |
_aNUST _96342 |
|
| 942 |
_2ddc _cBK |
||
| 999 |
_c543478 _d543478 |
||